ბათუმის შოთა რუსთაველის სახელმწიფო უნივერსიტეტის ბიბლიოთეკა

Das Licht der Vernunft : (ბიბ.ჩანაწერი № 57532)

000 -LEADER
fixed length control field 01175cam a2200325 a 4500
001 - CONTROL NUMBER
control field 11843692
005 - DATE AND TIME OF LATEST TRANSACTION
control field 20200702134130.0
008 - FIXED-LENGTH DATA ELEMENTS--GENERAL INFORMATION
fixed length control field 980226s1997 gw b 001 0 ger d
010 ## - LIBRARY OF CONGRESS CONTROL NUMBER
LC control number 99515719
020 ## - INTERNATIONAL STANDARD BOOK NUMBER
International Standard Book Number 3406423108
035 ## - SYSTEM CONTROL NUMBER
System control number (OCoLC)ocm38520968
040 ## - CATALOGING SOURCE
Original cataloging agency KGY
Transcribing agency KGY
Modifying agency PIT
-- OHX
-- DLC
042 ## - AUTHENTICATION CODE
Authentication code lccopycat
050 00 - LIBRARY OF CONGRESS CALL NUMBER
Classification number B721
Item number .L55 1997
072 #7 - SUBJECT CATEGORY CODE
Subject category code B
Source lcco
080 ## - UNIVERSAL DECIMAL CLASSIFICATION NUMBER
Universal Decimal Classification number 1 D-23
245 04 - TITLE STATEMENT
Title Das Licht der Vernunft :
Remainder of title die Anfänge der Aufklärung im Mittelalter /
Statement of responsibility, etc. herausgegeben von Kurt Flasch und Udo Reinhold Jeck.
250 ## - EDITION STATEMENT
Edition statement Originalausg.
260 ## - PUBLICATION, DISTRIBUTION, ETC.
Place of publication, distribution, etc. München :
Name of publisher, distributor, etc. Verlag C.H. Beck,
Date of publication, distribution, etc. c1997.
300 ## - PHYSICAL DESCRIPTION
Extent 191 p. ;
Dimensions 21 cm.
504 ## - BIBLIOGRAPHY, ETC. NOTE
Bibliography, etc. note Includes bibliographical references (p. [184]-187) and index.
650 #0 - SUBJECT ADDED ENTRY--TOPICAL TERM
Topical term or geographic name entry element Philosophy, Medieval.
9 (RLIN) 9008
650 #0 - SUBJECT ADDED ENTRY--TOPICAL TERM
Topical term or geographic name entry element Enlightenment.
9 (RLIN) 9009
653 ## - INDEX TERM--UNCONTROLLED
keyword ფილოსოფია
700 1# - ADDED ENTRY--PERSONAL NAME
Personal name Flasch, Kurt.
Relator term რედაქტორი
9 (RLIN) 9010
700 1# - ADDED ENTRY--PERSONAL NAME
Personal name Jeck, Udo Reinhold.
Relator term რედაქტორი
9 (RLIN) 8656
906 ## - LOCAL DATA ELEMENT F, LDF (RLIN)
a 7
b cbc
c copycat
d 3
e ncip
f 19
g y-gencatlg
942 ## - ADDED ENTRY ELEMENTS (KOHA)
Source of classification or shelving scheme
Koha item type წიგნი
ეგზემპლარები
Withdrawn status Lost status Source of classification or shelving scheme Damaged status Not for loan Permanent Location Current Location Shelving location Date acquired Cost, normal purchase price Full call number Barcode Date last seen Copy number Price effective from Koha item type Public note
          ბათუმის შოთა რუსთაველის სახელმწიფო უნივერსიტეტის მთავარი ბიბლიოთეკა ბათუმის შოთა რუსთაველის სახელმწიფო უნივერსიტეტის მთავარი ბიბლიოთეკა წიგნსაცავი 2020-07-02 153.00 1 D-23 60730 2020-07-02 60730 2020-07-02 წიგნი 153 ლ.